| 000 | 00359nam a2200133Ia 4500 | ||
|---|---|---|---|
| 008 | 150202s9999 xx 000 0 und d | ||
| 020 | _a553299263 | ||
| 050 |
_aFIC _bFIC |
||
| 100 | _aCaidin, Martin. | ||
| 245 | 2 |
_aA torch to the enemy / _cMartin Caidin |
|
| 260 |
_aNew York : _bBantam Books, _c1992. |
||
| 300 |
_a195 pages : _c18 cm. |
||
| 650 | _aFiction. | ||
| 999 |
_c281906 _d281906 |
||